| 000 | 00700nam a2200229 i 4500 | ||
|---|---|---|---|
| 001 | 10214 | ||
| 003 | ES-MaACL | ||
| 005 | 20250822004353.0 | ||
| 007 | t| | ||
| 008 | 950322s1993 sp ||||1| spa d | ||
| 020 | _a84-85707-21-4 | ||
| 080 | _a76(09) | ||
| 100 | 1 |
_aEsteve Botey, Francisco ( _d1884-1955) _948144 |
|
| 245 | 1 | 0 |
_aHistoria del grabado / _cFrancisco Esteve Botey. |
| 260 |
_aMadrid : _bClan, _cD.L.1993. |
||
| 300 |
_a356 p., XXXII p. de lám. : _bil. ; _c24 cm. |
||
| 490 | 1 |
_aTécnicas artísticas ; _v2 |
|
| 650 | 1 | 4 |
_aGrabado- _vHistoria _913140 |
| 830 | 0 |
_aTécnicas artísticas ; _v2 _9178652 |
|
| 852 |
_aES-MaACL _jL-17624 _bR.123227 |
||
| 999 |
_c10214 _d10214 |
||